000 00684nam a2200205Ii 4500
003 JO-AjNU
008 230605s9999||||xx |||||||||||||| ||und||
040 _aJO-AjNU
_bara
_erda
_cJO-AjNU
041 _aara
050 1 4 _aBF175.H2.1984
100 3 _aالحاج،فائز محمد علي,
_eauthor
_919914
245 0 0 _aالصحة النفسية
250 _aط2 طبعة جديدة مزيدة بمقياس الصحة النفسية
264 3 1 _aبيروت-دمشق:المكتب الاسلامي ،1984
300 _a223ص
336 _atext
_btxt
_2rdacontent
337 _aunmediated
_bn
_2rdamedia
338 _avolume
_bnc
_2rdacarrier
650 4 _aصحة نفسية
_919915
999 _aA6657
_c10225
_d10225